| 000 | 00395nam a22001697a 4500 | ||
|---|---|---|---|
| 005 | 20160623094028.0 | ||
| 008 | 160623b xxu||||| |||| 00| 0 eng d | ||
| 020 | _a978-81-7194-594-8 | ||
| 041 | _aeng | ||
| 082 | _b9052 | ||
| 100 |
_aKishore, Ravi M _91159 |
||
| 245 | _aCost Accounting and Financial Mgt. | ||
| 260 | _bTaxmann | ||
| 300 | _a1046 | ||
| 650 |
_aManagement _9241 |
||
| 942 | _cBK | ||
| 999 |
_c3605 _d3604 |
||